Analele stiintifice ale Universitatii "Al. I. Cuza" din Iasi Sectiunea 3

Salvato in:
Dettagli Bibliografici
Natura: Libro
Lingua:rumeno
Pubblicazione: Iasi Universitat 1988
Edizione:1. ed.
Serie:Stiinte economice Tomul 34
Tags: Aggiungi Tag
Nessun Tag, puoi essere il primo ad aggiungerne!!

MARC

LEADER 00000nam a2200000 4500
001 c035970
005 20221219131056.3
041 0 |a rum 
044 |a RO 
245 1 0 |a Analele stiintifice ale Universitatii "Al. I. Cuza" din Iasi  |b Sectiunea 3 
250 |a 1. ed. 
264 1 |a Iasi  |b Universitat  |c 1988 
300 |a 104 s. 
490 1 |a Stiinte economice  |v Tomul 34 
830 0 |a Stiinte economice  |v Tomul 34